50 Biggest Places In Illinois - Statistics

General Stats
  • This quiz has been taken 8 times
  • The average score is 26 of 50
Answer Stats
First Letter County(s) Population Answer % Correct
A DuPage 175,795 Aurora
100%
C Champaign 89,736 Champaign
100%
C Cook 2,611,867 Chicago
100%
P Peoria 108,870 Peoria
100%
S Sangamon 111,374 Springfield
100%
J Will 150,647 Joliet
88%
Q Adams 38,398 Quincy
88%
C Cook 78,409 Cicero
75%
E Kane 112,438 Elgin
75%
E Cook 73,240 Evanston
75%
N DuPage 150,795 Naperville
75%
R Winnebago 144,420 Rockford
75%
R Rock Island 35,540 Rock Island
75%
U Champaign 38,196 Urbana
75%
A Cook 72,545 Arlington Heights
63%
B St. Clair 39,699 Belleville
63%
B McLean 78,521 Bloomington
63%
B Will 74,265 Bolingbrook
63%
D Macon 67,165 Decatur
63%
D DeKalb 40,205 DeKalb
63%
S Cook 73,970 Schaumburg
63%
W Lake 86,657 Waukegan
63%
M Rock Island 41,343 Moline
50%
M Cook 52,701 Mount Prospect
50%
N McLean 52,528 Normal
50%
O Cook 56,094 Orland Park
50%
P Cook 62,996 Palatine
50%
S Cook 63,105 Skokie
50%
W DuPage 52,354 Wheaton
50%
B Cook 52,694 Berwyn
38%
B Lake 42,080 Buffalo Grove
38%
C DuPage 38,433 Carol Stream
38%
E DuPage 45,074 Elmhurst
38%
H Cook 48,711 Hoffman Estates
38%
O Cook 54,125 Oak Lawn
38%
O Cook 50,510 Oak Park
38%
T Cook 52,594 Tinley Park
38%
C Kane 36,559 Carpentersville
25%
C McHenry 41,282 Crystal Lake
25%
D Cook 56,380 Des Plains
25%
D DuPage 49,425 Downers Grove
25%
G Cook 45,811 Glenview
25%
L DuPage 43,369 Lombard
25%
O Kendall 38,640 Oswego
25%
P Cook 36,830 Park Ridge
25%
R Will 41,055 Romeoville
25%
W Cook 36,751 Wheeling
25%
B DuPage 39,308 Bartlett
13%
P Will 49,111 Plainfield
13%
S Cook 36,678 Streamwood
13%
No matching quizzes found
Score Distribution
Percent of People with Each Score
Percentile by Number Answered
Your Score History
You have not taken this quiz